000 00580cam a2200145 4500500
005 20260208002442.0
041 _afre
042 _adc
100 1 0 _aMasset, Claude
_eauthor
245 0 0 _aPeter Geschiere, The Perils of Belonging. Autochtony, Citizenship, and Exclusion in Africa and Europe, Chicago-London, University of Chicago Press, 2009, 283 p., bibl., index
260 _c2011.
500 _a51
786 0 _nL'Homme | 200 | 4 | 2011-11-01 | p. 227h-246h | 0439-4216
856 4 1 _uhttps://shs.cairn.info/revue-l-homme-2011-4-page-227h?lang=fr&redirect-ssocas=7080
999 _c1646436
_d1646436